LEADER 01016nam a2200241 u 4500 001 000000106827 003 CaOOAMICUS 005 20070910135305.0 008 070910s1998 it u000 u ita u 020 $a88-311-3745-X 040 $aPUL$bita$dPG 100 1 $aBergant, Dianne.$0(OLS)http://pul/name/65599 245 13$aIl Cantico dei cantici /$cDianne Bergant. 260 $aRoma :$bCittà Nuova,$c1998. 300 $a173 p. ;$c22 cm. 490 1 $aGuide spirituali all'Antico Testamento 630 04$aBiblia.$pV.T.$pCanticum canticorum$xCommenti.$0(OLS)http://pul/subject/6701 830 0$aGuide spirituali all'Antico Testamento.$0(OLS)http://pul/title/41726 850 $aPUL 852 $aPUL$W1$xSL Religione 1$y3$m7 C 30$j120904$qStampati$B120073$CPULBib$Z2$F120073 $H78382 $82 996 $6020$a88-311-3745-X$9(OLS)http://pul/number/135521 996 $6245$aIl Cantico dei cantici$9(OLS)http://pul/title/27693 996 $6260$aRoma :$bCittà Nuova$9(OLS)http://pul/publisher/47927 LEADER 01289nam a2200325 u 4500 001 000000064216 003 CaOOAMICUS 005 20070226121331.0 008 011115s1981 it u000 u ita u 035 $a10909982 040 $aPUL(R)$bita 100 1 $aSubilia, Vittorio,$d1911-1988.$0(OLS)http://pul/name/5733 245 13$aIl protestantesimo moderno tra Schleiermacher e Barth /$cVittorio Subilia. 260 $aTorino :$bClaudiana,$cc1981. 300 $a141 p. ;$c22 cm 490 1 $aSola Scriptura ;$v8 500 $aContiene indici. 504 $aBibliografia in nota. 600 14$aSchleiermacher, Friedrich,$d1768-1834.$0(OLS)http://pul/subject/398 600 14$aBarth, Karl,$d1886-1968.$0(OLS)http://pul/subject/5620 650 4$aProtestantesimo.$0(OLS)http://pul/subject/447 830 0$aSola Scriptura ;$v8.$0(OLS)http://pul/title/8350 850 $aPUL 852 $aPUL$W1$xSL Religione 1$y3$m74 I 27$j82364$nBK-PRI$b $qStampati$B83283$CPULBib$Z2$F83283 $H $81 941 1 $a8 960 $aRiforma$9447 960 $aRiforma$9447 961 $aINV: 49568 996 $6245$aIl protestantesimo moderno tra Schleiermacher e Barth$9(OLS)http://pul/title/85583 996 $6260$aTorino :$bClaudiana$9(OLS)http://pul/publisher/48072